000 01135nam a2200301Ia 4500
003 GCL
008 140319s9999 xx 000 0 ara d
040 _aGCL /
_cGCL
082 0 4 _a028.7
_bغ م
100 1 _aغالب عوض النوايسة
245 1 0 _aمصادر المعلومات فى المكتبات ومراكز المعلومات مع اشارة خاصة الى الكتب المرجعية /
_cغالب عوض النوايسة
250 _aالاولى
260 _aالاردن :
_bدار صفاء للنشر والتوزيع ،
_c2003
300 _a424 ص ؛
_c24 سم
650 0 4 _aدوائر المعارف
650 0 4 _aالمراجع
650 0 4 _aالارشاد المرجعى
650 0 4 _aمراكز المعلومات
650 0 4 _aالكتب السنوية
650 0 4 _aالوسائل السمعية والبصرية
650 0 4 _aالدوريات
650 0 4 _aالمؤتمرات
650 0 4 _aالمطبوعات الحكومية
650 0 4 _aالمكتبات - برامج الحاسبات
650 0 4 _aالإنترنت
650 0 4 _aالتزويد ( مكتبات )
942 _2ddc
_cBK
999 _c8442
_d8442